Những thách thức ở phương Nam

Enregistré dans:
Détails bibliographiques
Auteur principal: Ban Phương Nam - Phong trào không liên kết
Format: Livre
Langue:Undetermined
Publié: Hà Nội Chính Trị Quốc Gia 1996
Sujets:
Tags: Ajouter un tag
Pas de tags, Soyez le premier à ajouter un tag!
Thư viện lưu trữ: Trung tâm Học liệu Trường Đại học Cần Thơ
LEADER 00670nam a2200193Ia 4500
001 CTU_28908
008 210402s9999 xx 000 0 und d
020 |b 30.000đ 
082 |a 330.91724 
082 |b Nh556 
100 |a Ban Phương Nam - Phong trào không liên kết 
245 0 |a Những thách thức ở phương Nam 
245 0 |c Ban Phương Nam - Phong trào không liên kết; Dịch giả: Phạm Thành 
260 |a Hà Nội 
260 |b Chính Trị Quốc Gia 
260 |c 1996 
650 |a developpment countries,third world 
904 |i Minh, 990308 
980 |a Trung tâm Học liệu Trường Đại học Cần Thơ